| 000 | 01435cam a2200241 4500500 | ||
|---|---|---|---|
| 005 | 20260201084122.0 | ||
| 041 | _afre | ||
| 042 | _adc | ||
| 100 | 1 | 0 |
_aRaisson, Vianney _eauthor |
| 245 | 0 | 0 | _aUne drôle d'assistante sociale, qu'il nous fait, là ! |
| 260 | _c2007. | ||
| 500 | _a69 | ||
| 520 | _aRésuméL’appartenance à un sexe, mais aussi l’histoire personnelle, sont deux surdéterminants dans la pratique d’un assistant de service social. La récente mixité de cette profession peut enrichir la pensée et les pratiques, et renforcer ainsi la pertinence du travail avec les familles, notamment celui centré sur la place des hommes dans la parentalité, et celui qui consiste à faire tiers dans une relation parent-enfant fusionnelle. Dans ces lignes, l’auteur dénonce aussi des tendances qu’il juge préoccupantes : l’effacement généralisé du père symbolique dans les relations parent-enfant, l’invasion du maternel dans notre société, et même la disqualification du masculin dans la sphère privée… | ||
| 690 | _aassistant social | ||
| 690 | _adifférences homme-femme | ||
| 690 | _ahétérophilie | ||
| 690 | _ahétérophobie | ||
| 690 | _aplace du père | ||
| 690 | _aresponsabilité parentale | ||
| 690 | _atiers | ||
| 786 | 0 | _nEmpan | 65 | 1 | 2007-05-03 | p. 79-83 | 1152-3336 | |
| 856 | 4 | 1 | _uhttps://shs.cairn.info/revue-empan-2007-1-page-79?lang=fr&redirect-ssocas=7080 |
| 999 |
_c1640392 _d1640392 |
||